| 000 | 00969cam a22003253a 4500 | ||
|---|---|---|---|
| 001 | 6461 | ||
| 003 | FISKH | ||
| 005 | 20250506091730.0 | ||
| 008 | 040122s2003 xxua b 000 1 eng | ||
| 010 | _a 2004270057 | ||
| 020 | _a006052958X | ||
| 020 | _a9780439442602 | ||
| 040 |
_aDLC _cDLC _dDLC _beng |
||
| 050 | _aPZ7.N964 I | ||
| 082 | _a813 | ||
| 100 | 1 | _aNumeroff, Laura Joffe. | |
| 245 | 1 | 0 |
_aIf you take a mouse to school / _cby Laura Numeroff ; illustrated by Felicia Bond. |
| 260 |
_aNew York ; _bScholastic, _c2002. |
||
| 300 |
_a32 unnumbered pages : _bcolor illustrations ; _c21 cm |
||
| 505 | _aJ | ||
| 520 | _aFollows a boy and his mouse through a busy day at school. | ||
| 521 | 8 |
_a500
_bLexile AD |
|
| 521 | 8 |
_aJ
_bRaz-Plus |
|
| 650 | 1 |
_aSchools _vFiction. |
|
| 650 | 1 |
_aMice _vFiction. |
|
| 700 | 1 |
_aBond, Felicia, _eillustrator |
|
| 906 |
_a7 _bcbc _corigcop _d2 _encip _f20 _gy-gencatlg |
||
| 942 |
_2ddc _cBK _n0 |
||
| 999 |
_c6461 _d6461 |
||